Biggest Landlocked Countries - Statistics

General Stats
  • This quiz has been taken 95 times
  • The average score is 12 of 15
Answer Stats
Area Country % Correct
2,724,900 Kazakhstan
100%
1,564,110 Mongolia
95%
1,284,000 Chad
91%
1,098,581 Bolivia
86%
447,400 Uzbekistan
82%
406,752 Paraguay
81%
1,267,000 Niger
79%
1,240,192 Mali
78%
622,984 Central African Republic
76%
488,100 Turkmenistan
74%
652,867 Afghanistan
69%
644,329 South Sudan
69%
752,612 Zambia
68%
1,104,300 Ethiopia
67%
581,730 Botswana
65%
No matching quizzes found
Score Distribution
Percent of People with Each Score
Percentile by Number Answered
Your Score History
You have not taken this quiz